Στάσεις απέναντι στην γυναικεία επιχειρηματικότητα : μια ποιοτική διερεύνηση με γυναίκες που ανέπτυξαν επιχειρηματική δραστηριότητα τη τελευταία πενταετία στη χώρα μας ; διπλωματική εργασία [μεταπτυχιακή]

Αποθηκεύτηκε σε:
Λεπτομέρειες βιβλιογραφικής εγγραφής
Κύριος συγγραφέας: Κουτσογιαννίδου, Σοφία
Συγγραφή απο Οργανισμό/Αρχή: Πανεπιστήμιο Αιγαίου Σχολή Ανθρωπιστικών Σπουδών Τμήμα Επιστημών Προσχολικής Αγωγής και Εκπαιδευτικού Σχεδιασμού
Άλλοι συγγραφείς: Γουβιάς, Διονύσης Σ. (Εισηγητής διατριβής)
Μορφή: Thesis Βιβλίο
Γλώσσα:Greek
Δημοσίευση: Ρόδος : Πανεπιστήμιο Αιγαίου, Τμήμα Επιστημών της Προσχολικής Αγωγής και του Εκπαιδευτικού Σχεδιασμού, 2006.
Θέματα:
Ετικέτες: Προσθήκη ετικέτας
Δεν υπάρχουν, Καταχωρήστε ετικέτα πρώτοι!

MARC

LEADER 00000cam a2200000 i 4500
001 1/38287
008 061128s2006 gre d
035 |l 10086309 
040 |a GR-MY-UA  |b gre  |e aacr 
041 0 |a gre 
082 7 |a 338.04082   |2 (22) 
100 1 |a Κουτσογιαννίδου, Σοφία. 
245 1 0 |a Στάσεις απέναντι στην γυναικεία επιχειρηματικότητα :   |b μια ποιοτική διερεύνηση με γυναίκες που ανέπτυξαν επιχειρηματική δραστηριότητα τη τελευταία πενταετία στη χώρα μας ; διπλωματική εργασία [μεταπτυχιακή] /   |c Κουτσογιαννίδου Σοφία ; μέλη εξεταστικής επιτροπής : Φώκιαλη Πέρσα, Βρυωνίδης Μάριος.  
260 |a Ρόδος :   |b Πανεπιστήμιο Αιγαίου, Τμήμα Επιστημών της Προσχολικής Αγωγής και του Εκπαιδευτικού Σχεδιασμού,   |c 2006.  
300 |a 140 σ. ;   |c 30 εκ. 
502 |a Διατριβή (μεταπτυχιακή) – Πανεπιστήμιο Αιγαίου, Ρόδος, 2006. 
504 |a Περιέχει ελληνική και ξένη βιβλιογραφία καθώς και βιβλιογραφικές παραπομπές.  
610 2 0 |a University of the Aegean  |x Dissertations. 
650 0 0 |a Dissertations, Academic. 
650 0 0 |a Businesswomen. 
650 0 0 |a Women in business  |z Greece. 
700 1 |4 ths  |a Γουβιάς, Διονύσης Σ. 
710 2 |a Πανεπιστήμιο Αιγαίου  |b Σχολή Ανθρωπιστικών Σπουδών  |b Τμήμα Επιστημών Προσχολικής Αγωγής και Εκπαιδευτικού Σχεδιασμού. 
852 |a INST  |b RHODES  |c DIATR  |e 20061128  |h 338.04082 ΚΟΥ  |p 005400023840  |q 005400023840  |t MTXE  |y 23 
901 |a BIBL4-2006-3 
909 |a Ρ  |b 127270 
924 |a ΚΟΥΤΣΟΓΙΑΝΝΙΔΟΥ  |b ΣΟΦΙΑ  |y Ρόδος  |z 2006-11 
970 |a ΜΙΣΣΟΣ  |b ΣΤΑΥΡΟΣ  |z 2006/11/28